000
00278nam a2200109Ia 4500
008
230907s9999||||xx |||||||||||||| ||und||
082
_a
302
_b
BAU
100
_a
Baumeister, Roy F.
_9
116012
245
0
_a
Social psychology and human nature /
300
_a
523 pages :
942
_c
BK
999
_c
600758
_d
600758